[Event "Ankara Baskent Univ op 2nd"]
[Site "Ankara"]
[Date "2017.07.02"]
[Round "4"]
[White "Baylav, Can"]
[Black "Yilmaz, Goktan"]
[Result "1/2-1/2"]
[WhiteElo "2001"]
[BlackElo "2172"]
[PlyCount "121"]
[EventDate "2017.06.30"]
[EventType "swiss"]
[EventRounds "9"]
[EventCountry "TUR"]
[SourceTitle "CBM 179 Extra"]
[Source "ChessBase"]
[SourceDate "2017.08.23"]
[SourceVersion "1"]
[SourceVersionDate "2017.08.23"]
[SourceQuality "1"]

1. e4 c5 2. Nf3 d6 3. d4 cxd4 4. Nxd4 Nf6 5. Nc3 a6 6. Be2 e6 7. 0-0 Be7 8. a4 0-0 9. Be3 Qc7 10. f4 b6 11. Bf3 Bb7 12. g4 h6 13. h4 Nc6 14. Nb3 d5 15. exd5 Rfd8 16. g5 hxg5 17. hxg5 Nxd5 18. Bxd5 Nb4 19. Qh5 Nxd5 20. Nxd5 Rxd5 21. Rf2 Bxg5 22. fxg5 Qg3+ 23. Kf1 Rf5 24. Ke2 Rxf2+ 25. Bxf2 Qe5+ 26. Kf1 Qxb2 27. g6 Qxc2 28. gxf7+ Kf8 29. Rc1 Qxb3 30. Qh8+ Ke7 31. Qxg7 Qh3+ 32. Ke1 Qh1+ 33. Ke2 Qf3+ 34. Kf1 Qh1+ 35. Qg1 Bg2+ 36. Ke1 Qxg1+ 37. Bxg1 Kxf7 38. Bxb6 Rb8 39. Rc7+ Kf6 40. a5 Bd5 41. Kd2 Rg8 42. Kd3 Rg4 43. Rc8 e5 44. Rd8 Bc4+ 45. Ke3 Bb5 46. Rf8+ Ke6 47. Rh8 Ra4 48. Rh6+ Kd5 49. Rh5 Ra3+ 50. Kd2 Ra2+ 51. Kc3 Be8 52. Rg5 Ke6 53. Bc7 e4 54. Re5+ Kd7 55. Rxe4 Bg6 56. Rg4 Kxc7 57. Rxg6 Rxa5 58. Kb4 Rb5+ 59. Ka4 Rb1 60. Rxa6 Ra1+ 61. Kb5 1/2-1/2

[Event "Albena op"]
[Site "Albena"]
[Date "2017.06.23"]
[Round "7"]
[White "Heinemann, Josefine"]
[Black "Yilmaz, Goktan"]
[Result "1-0"]
[WhiteElo "2275"]
[BlackElo "2172"]
[PlyCount "117"]
[EventDate "2017.06.17"]
[EventType "swiss"]
[EventRounds "9"]
[EventCountry "BUL"]
[SourceTitle "CBM 179 Extra"]
[Source "ChessBase"]
[SourceDate "2017.08.23"]
[SourceVersion "1"]
[SourceVersionDate "2017.08.23"]
[SourceQuality "1"]

1. e4 c5 2. Nf3 d6 3. d4 cxd4 4. Nxd4 Nf6 5. Nc3 a6 6. Bg5 Nbd7 7. Qe2 h6 8. Bh4 g6 9. f4 e5 10. fxe5 dxe5 11. 0-0-0 Qc7 12. Nb3 b5 13. Qf3 Bg7 14. g4 Bb7 15. a3 0-0 16. Bd3 Rac8 17. Be1 Nb6 18. Rf1 Nc4 19. Kb1 Rb8 20. h3 Nd7 21. h4 Ndb6 22. Qe2 Nd6 23. h5 g5 24. Bf2 Nbc4 25. Nc5 Rfd8 26. Nxb7 Qxb7 27. Nd5 a5 28. Bc5 Rdc8 29. Qf2 Rc6 30. c3 Rbc8 31. Bxd6 Nxd6 32. Qe2 Nc4 33. Rf3 Rd8 34. Bc2 Rd7 35. Rfd3 Rcd6 36. Bb3 Bf8 37. a4 Qc6 38. Rf3 Qc5 39. axb5 Nb6 40. Rdf1 Nxd5 41. Bxd5 Rxd5 42. exd5 Qxd5 43. Re3 a4 44. Re4 a3 45. Qc4 Qd2 46. bxa3 Bg7 47. Rfe1 Bf8 48. a4 Qd6 49. Rxe5 Rc7 50. Qb3 Qd3+ 51. Qc2 Qg3 52. R1e3 Qxg4 53. b6 Rb7 54. a5 Qc4 55. Kb2 Bc5 56. Qb3 Qf4 57. Re2 Qf1 58. Qd5 Rb8 59. Re8+ 1-0

[Event "Albena op"]
[Site "Albena"]
[Date "2017.06.21"]
[Round "5"]
[White "Yilmaz, Goktan"]
[Black "Janyska, Dennis"]
[Result "1-0"]
[WhiteElo "2172"]
[BlackElo "2005"]
[PlyCount "93"]
[EventDate "2017.06.17"]
[EventType "swiss"]
[EventRounds "9"]
[EventCountry "BUL"]
[SourceTitle "CBM 179 Extra"]
[Source "ChessBase"]
[SourceDate "2017.08.23"]
[SourceVersion "1"]
[SourceVersionDate "2017.08.23"]
[SourceQuality "1"]

1. e4 e5 2. Nf3 Nc6 3. Bb5 Nge7 4. Nc3 d6 5. d4 Bd7 6. 0-0 Nxd4 7. Nxd4 exd4 8. Qxd4 Bxb5 9. Nxb5 a6 10. Nc3 Nc6 11. Qd3 Be7 12. f4 Qd7 13. Nd5 0-0 14. b3 f5 15. Bb2 fxe4 16. Qxe4 Rae8 17. Rf3 Bd8 18. Qc4 Kh8 19. Rg3 Rf7 20. Rf1 Ref8 21. Qc3 Ne5 22. Re1 Ng4 23. Qd3 c6 24. h3 Bh4 25. Rxg4 Bxe1 26. Ne3 Ba5 27. Rh4 Rf5 28. Nxf5 Qxf5 29. Qxd6 Bb6+ 30. Kh2 Qc5 31. Qxc5 Bxc5 32. Rg4 Rf7 33. Rg3 Bd6 34. Be5 Bxe5 35. fxe5 Rf2 36. Rf3 Rxf3 37. gxf3 Kg8 38. f4 Kf7 39. Kg3 Ke6 40. Kg4 a5 41. c4 b5 42. a4 bxa4 43. bxa4 c5 44. Kg5 Kf7 45. f5 Ke7 46. h4 Kf7 47. h5 1-0

[Event "Albena op"]
[Site "Albena"]
[Date "2017.06.20"]
[Round "4"]
[White "Spasov, Vasil"]
[Black "Yilmaz, Goktan"]
[Result "1/2-1/2"]
[WhiteElo "2524"]
[BlackElo "2172"]
[PlyCount "68"]
[EventDate "2017.06.17"]
[EventType "swiss"]
[EventRounds "9"]
[EventCountry "BUL"]
[SourceTitle "CBM 179 Extra"]
[Source "ChessBase"]
[SourceDate "2017.08.23"]
[SourceVersion "1"]
[SourceVersionDate "2017.08.23"]
[SourceQuality "1"]

1. e4 c5 2. Ne2 d6 3. g3 Nc6 4. Bg2 g6 5. c3 Bg7 6. d4 cxd4 7. cxd4 Nf6 8. Nbc3 0-0 9. 0-0 e5 10. d5 Ne7 11. h3 Ne8 12. Be3 f5 13. f4 fxe4 14. Nxe4 Nf5 15. Bf2 exf4 16. Nxf4 Be5 17. Ne6 Bxe6 18. dxe6 Nc7 19. Qb3 Qe7 20. Qxb7 Rab8 21. Qxa7 Rxb2 22. Rab1 Rxf2 23. Nxf2 Bd4 24. Qa3 Ne3 25. Qd3 Nxf1 26. Qxd4 Nxg3 27. Qd3 Nh5 28. Rb7 Ng7 29. Qc4 Ngxe6 30. Rxc7 Qxc7 31. Qxe6+ Kg7 32. Nd3 Qa7+ 33. Kh1 Qd4 34. Qe2 Rf7 1/2-1/2

[Event "TUR Cup"]
[Site "Antalya"]
[Date "2017.02.01"]
[Round "7"]
[White "Hajiyev, Shahin Qabil"]
[Black "Yilmaz, Goktan"]
[Result "0-1"]
[WhiteElo "2021"]
[BlackElo "2165"]
[PlyCount "110"]
[EventDate "2017.01.28"]
[EventType "swiss"]
[EventRounds "11"]
[EventCountry "TUR"]
[SourceTitle "CBM 176 Extra"]
[Source "ChessBase"]
[SourceDate "2017.03.02"]
[SourceVersion "1"]
[SourceVersionDate "2017.03.02"]
[SourceQuality "1"]

1. c4 e6 2. d4 d5 3. Nc3 Nf6 4. Nf3 Nbd7 5. cxd5 exd5 6. Bf4 c6 7. e3 Be7 8. Bd3 0-0 9. Qc2 Re8 10. 0-0 Nf8 11. h3 Bd6 12. Bxd6 Qxd6 13. Rab1 Ne6 14. Rfc1 Bd7 15. Ne5 g6 16. Na4 Rec8 17. Nc5 Nxc5 18. Qxc5 Qxc5 19. Rxc5 b6 20. Nxd7 Nxd7 21. Rc2 c5 22. Bb5 Nf8 23. dxc5 Rxc5 24. Rxc5 bxc5 25. Bc6 Rd8 26. Rd1 d4 27. exd4 cxd4 28. Kf1 Ne6 29. g3 Kf8 30. Ke2 Ke7 31. Kd2 Kd6 32. Rc1 Rb8 33. b3 Rc8 34. Bg2 Rxc1 35. Kxc1 g5 36. Kd2 h5 37. Kd3 f5 38. b4 h4 39. Bf1 Kd5 40. Bg2+ Ke5 41. f4+ Kd6 42. fxg5 hxg3 43. g6 Nf4+ 44. Kxd4 Nxg6 45. a4 Nh4 46. Bh1 g2 47. Bxg2 Nxg2 48. b5 Nh4 49. a5 f4 50. Ke4 f3 51. Ke3 Kc5 52. b6 axb6 53. axb6 Kxb6 54. Kf2 Kc5 55. Kg3 Kd4 0-1